00616nam a2200181Ia 4500952013300000999001700133003000400150005001700154008004100171040000900212082001800221100002500239245005100264260004900315300000900364650001900373942004200392 00102ddc40708SCIENCEaMESbMEScSCIENCEd2019-02-20g4.50l0o509.22 SIN/Sp1817r2019-02-20 00:00:00w2019-02-20yBKzGL9R6 c18673d18673OSt20200918122713.0190216s9999||||xx |||||||||||||| ||und|| coclc a509.22bSIN/S aSingh, Jagjit 94743 0aSome Eminent Indian Scientists /cJagjit Singh bPublications Division Govt. Of India,c1966. a125p aIndian History cBK2ddch509.22iSIN/Sk509.22mSIN/S